000 00637cam a2200229 4500
001 sa 68012325
003 DLC
005 20260227112609.0
008 691103s1968 ii a b 000 0 eng
010 _asa 68012325 //r86
025 _aPL480:I-E-10634
040 _aDLC
_cDLC
_dDLC
050 0 0 _aPN3171
_b.S9
082 0 0 _a792/.07
100 0 0 _aMina Swaminathan,
_d1933-
245 1 0 _aDrama in schools.
260 0 _a[New Delhi]
_bNational Council of Educational Research and Training
_c[1968]
300 _a136 p.
_billus.
_c23 cm.
350 _a2.90
504 _a"Useful references": p. [94]-96.
650 0 _aDrama in education.
999 _c84456
_d84456